000 00751 a2200277 4500
003 DLC
005 20260330103318.0
008 2023s2023 xx 000 0 eng d
020 _a9780857111746
040 _aDLC
_beng
050 4 _aRS403.F56 2023
082 0 4 _a615.19
100 1 _aFlorence, A. T.-
_eauthor.
245 1 0 _aPhysicochemical principles of pharmacy
_cFlorence, A. T. and Attwood, David
250 _a6th ed.
264 1 _bPharmaceutical Press
_c2023
300 _axvi, 697 p. : ill.
336 _2CC
338 _2CC
650 0 _aPharmaceutical chemistry
650 0 _aChemistry, Physical and theoretical
650 0 _aDrugs--Design
650 0 _aDrug delivery systems
650 0 _aPharmacokinetics
942 _2lcc
_cBK
999 _c44203
_d44203